000 00656nas a2200241 4500
001 BR9208871
003 BR-BrBNA
005 20231205093158.0
007 ta
008 230509b bl.|||p| |||| 00| 00por d
040 _aBR-BrBNA
_bpor
_cBiblioteca Nacional de Agricultura
041 _a(Pt)
072 _aQ80
100 1 _aAnon.
245 1 _aSkol, cerveja em lata de aluminio
650 _aEMBALAGEM
650 _aLATA DE CONSERVA
650 _aALUMINIO
650 _aCERVEJA
773 0 _tAlimentos e Tecnologia (Brazil)
_xISSN 0102-6682
_g(1990), v. 6(28) p. 21
_wBR9208871
909 _a202311
_bLúcia
_c55
_dLúcia Elande
942 _2AGRIS
_n0
_cANA
999 _c136665
_d136665